| 000 | 00505nam a22001457a 4500 | ||
|---|---|---|---|
| 005 | 20120215151531.0 | ||
| 020 |
_a812032563X _c175.00 |
||
| 035 | _aB-126709 | ||
| 245 | _ainterworking infrastructure and operations / | ||
| 260 |
_aNew Delhi _bPHI _c2004 |
||
| 300 |
_aviii,198p. _c23cms |
||
| 700 |
_aHutnik, Stephen _942168 |
||
| 942 |
_2ddc _cEN _h005.754 _mINT |
||
| 999 |
_c62914 _d62914 |
||